000 00553nam a22001697a 4500
005 20251108164742.0
008 250721s1996 xx 000 0 ara d
082 1 4 _a615.89/عاي
100 1 _aالرواجبة، عايدة أحمد
245 1 0 _aأسرار الطب العربي و الحديث /
264 1 _aبيروت :
_bدار إبن زيدون للطباعة و النشر و التوزيع،
_c1996.
300 _a131ص
650 1 7 _aالطب الشعبي
650 1 7 _aالنباتات الطبية
942 _2ddc
_cBK
999 _c13495
_d13495